000 01638nam a22002297a 4500
005 20240314161257.0
008 240314b ||||| |||| 00| 0 eng d
020 _a9781292165592
040 _cAL
041 _aeng
082 _223
_a330
_bSULE
100 _aArthur O Sullivan
_9154415
245 _aEconomics
_b: principles applications and tools
250 _a9th ed.
260 _aLondon
_bPearson
_c2018
300 _a765p.
_bPB
_c27.5x21.5cm.
365 _2General
_aVBI-2056
_b₹5123.47
_c
_d₹6831.00
_e25%
_f26-02-2024
520 _aFor courses in the Principles of Economics Introduces Students to the Basic Concepts of Economics with Timely, Engaging Stories and Applications Students enter their first economics course hoping to gain a better understanding of the world around them, but often leave with their questions unanswered. Economics: Principles, Applications, and Tools is built upon the author’s philosophy of using basic concepts of economics to explain a wide variety of timely, engaging, real-world economic applications. The 9th Edition incorporates updated figures and data, while also emphasising current topics of interest―including the severe economic downturn of recent years and the latest developments in economic thinking. It also includes newly refined Learning Objectives that introduce the concepts explored in each chapter, along with new applications and chapter-opening stories related to the most up-to-date developments in both macroeconomics and microeconomics.
650 _2Economics
_aEconomics
_9154416
700 _aSheffrin,Steven M; Perez,Stephen J.
_9154417
942 _2ddc
_cBK
999 _c230360
_d230360